000
00278nam a22001097a 4500
008
170124b xxu||||| |||| 00| 0 eng d
020
_a
9780815190035
041
_a
eng
080
_a
618.2
245
_a
PUBLIC AND COMMUNITY HEALTH NURSE'S CONSULTANT
_c
STANHOPE, M
942
_2
udc
_c
BK
999
_c
3437
_d
3437